00292nam a22000977a 4500020001800000082001600018100002900034245007000063260004000133300002100173 a9789695571217 a340.072 NAY aNyazee, Imran Ahsan Khan aLegal Research and Writing in Pakistan /cImran Ahsan Khan Nyazee aLahore :bFederal Law House,c2014. a432 p. ;c24 cm.